000 00271nam a2200109Ia 4500
008 221009s9999 xx 000 0 und d
082 _a823/NAV
100 _aNaval Deepti
_936217
245 4 _aThe Mad Tibetan Stories From Then And Now
260 _bAmaryllis
942 _cBK
999 _c64580
_d64580